Mixed Word: 5 Letter A-Z VIII Quiz Stats

Quiz Updated Feb 15, 2012

Challenge
Share
Tweet
Embed
Score 0/26 Timer 02:00
2 Plays Today
Mixed Word Answer % Correct
RAIDYDIARY
92.4%
THIGFFIGHT
89.7%
STABEBEAST
88%
CLANACANAL
85.6%
TUGILGUILT
78.8%
PAKAPKAPPA
76.7%
SATEXTEXAS
76.1%
IGNTHNIGHT
75.4%
GUJEDJUDGE
74.8%
LLUSKSKULL
74.5%
REXATEXTRA
71.1%
VUGAEVAGUE
70.8%
CROMIMICRO
68.4%
Mixed Word Answer % Correct
SIMPRPRISM
67.6%
VOLIEOLIVE
67.4%
EUUQEQUEUE
66.7%
DARRARADAR
62.6%
TAAGEAGATE
62.4%
NORIYIRONY
61.1%
THOYUYOUTH
57%
CEWNHWENCH
51.7%
HETALLATHE
47.6%
RELUCULCER
35.5%
DOREHHORDE
32.5%
REXICXERIC
15.8%
MIZAAZAMIA
15.8%

You're not logged in!

Compare scores with friends on all Sporcle quizzes.
Join for Free
OR
Log In

You Might Also Like...

Show Comments

Extras

Top Quizzes Today


Score Distribution

Your Account Isn't Verified!

In order to create a playlist on Sporcle, you need to verify the email address you used during registration. Go to your Sporcle Settings to finish the process.

Report this User

Report this user for behavior that violates our Community Guidelines.

Details: